Statistics for Royal Houses of Europe

Click here to take the quiz!

General Stats

  • This quiz has been taken 179 times
  • The average score is 5 of 10

Answer Stats

HintAnswer% Correct
United Kingdom of Great Britain and Northern IrelandWindsor
98%
Kingdom of SpainBorbón-Anjou
75%
Grand Duchy of LuxembourgNassau-Weilburg
54%
Kingdom of the NetherlandsOrange-Nassau
54%
Kingdom of SwedenBernadotte
50%
Kingdom of BelgiumSaxe-Coburg and Gotha
49%
Principality of MonacoGrimaldi
48%
Kingdom of NorwaySchleswig-Holstein-Sonderburg-Glücksburg
44%
Kingdom of DenmarkSchleswig-Holstein-Sonderburg-Glücksburg
40%
Principality of LiechtensteinLiechtenstein
32%

Score Distribution

Percentile by Number Answered

Percent of People with Each Score

Your Score History

You have not taken this quiz